Jubilál a Szegedi Karnagyi Klub

Elmentve itt :
Bibliográfiai részletek
Dokumentumtípus: Cikk
Megjelent: 1962-01-28
Sorozat:Délmagyarország 52 No. 23
Kulcsszavak:Zenei élet hangverseny 1962, zeneélet 1962-1979
Online Access:http://dmarchiv.bibl.u-szeged.hu/76528
LEADER 00436nab a2200145 i 4500
001 delm76528
005 20180928084338.0
008 180928s1962 hu o 0|| hun d
040 |a SZTE Délmagyarország Archívum  |b hun 
041 |a hun 
245 0 0 |a Jubilál a Szegedi Karnagyi Klub  |h [elektronikus dokumentum] 
260 |c 1962-01-28 
300 |a 5 
490 0 |a Délmagyarország  |v 52 No. 23 
695 |a Zenei élet hangverseny 1962, zeneélet 1962-1979